[Event "XVI Gran Hotel Bali 2017"]
[Site "Benidorm"]
[Date "2017.12.08"]
[Round "9"]
[White "Gajic, Mladen"]
[Black "Iglesias, Jorge"]
[Result "1-0"]
[WhiteElo "2300"]
[BlackElo "2291"]
[Annotator "TA"]
[PlyCount "79"]
[EventDate "2017.??.??"]
[EventType "swiss"]
[EventCountry "ESP"]
[SourceTitle "playchess.com"]
[Source "ChessBase"]
[SourceQuality "1"]

{[%evp 9,79,0,32,31,35,34,31,34,37,35,40,13,36,-25,-16,-31,-29,-48,-54,-80,-79,-125,-45,-100,-78,-93,-81,-87,-76,-105,-70,-85,-70,-124,-112,-135,-126,-133,84,81,409,391,369,126,331,384,393,389,362,367,662,264,950,844,29990,361,360,245,411,390,591,591,597,581,2870,2413,29972,29972,29972,29973,2107,925]} 1. d4 d5 2. Nf3 Nf6 3. e3 g6 4. Nbd2 Bg7 5. Be2 O-O 6. b4 {D02: 1 d4 d5 2 Nf3 sidelines, including 2...Nf6 3 g3 and 2...Nf6 3 Bf4} c6 (6... Nbd7 7. Bb2 b6 8. O-O Bb7 9. c4 c5 10. bxc5 bxc5 11. Rb1 dxc4 12. Bxc4 cxd4 13. Bxd4 {½-½ (57) Aronian,L (2803)-Giri,A (2734) Beijing 2013}) 7. a4 Bf5 8. c4 {White is slightly better.} Ne4 9. Bb2 dxc4 $146 ({Predecessor:} 9... Nxd2 10. Qxd2 dxc4 11. Bxc4 Be4 12. Qe2 Nd7 13. O-O Nb6 14. Bb3 {1-0 (36) Ulanov,A (2425)-Korniushin,N (2373) Ekaterinburg 2013}) 10. Bxc4 Nd7 11. g4 ({White should play} 11. O-O $14) 11... Nxd2 12. Nxd2 Nb6 $1 13. Bb3 Bd3 14. Ra3 Ba6 15. Qf3 e6 (15... Qd6 $17 16. Ra2 Qxb4) 16. h4 (16. Ra2 $15) 16... Nd5 $17 17. Bxd5 exd5 18. Rc3 Re8 19. h5 Qd6 20. hxg6 Qxg6 21. Kd1 ({Better is} 21. Qf4 $15) 21... Bd3 22. Qh3 {Threatening f4.} a5 $1 {[%cal Ra5b4]} 23. bxa5 {[#] And now f4 would win.} Rxa5 $2 {[#]} (23... c5 $1 $17 {[%cal Rc5d4] and life is bright.} 24. Nb3 (24. Rxc5 Rec8 $19) 24... cxd4 25. Nxd4 Rxa5) 24. f4 $1 $16 {[%cal Bf2f4,Bf4f5][%mdl 32]} Be2+ $2 {[%mdl 8192]} (24... c5 $16) 25. Kxe2 $18 {Hoping for f5.} Bxd4 26. Rb3 $2 (26. Nb3 $18 {and White stays clearly on top.} Bxc3 27. f5) 26... Rxa4 $2 (26... Bxb2 $16 27. Rxb2 Rxa4) 27. f5 ({Don't play} 27. Bxd4 $6 Rxd4 28. f5 Qxg4+ 29. Qxg4+ Rxg4 $18) 27... Qg7 28. Bxd4 Rxd4 29. g5 ({Weaker is} 29. Rxb7 Rxg4 30. Qh6 c5 $16) 29... b5 $2 (29... Ra4 30. Rxb7 Ra3) 30. Rc3 $2 (30. f6 Qg6 31. Qd7 Rxd2+ 32. Kxd2) 30... Rb4 $2 (30... Ra4) 31. Rxc6 {Threatens to win with f6.} Rb2 32. Kd3 $2 (32. f6 {mates} d4 33. Rc8 Rxc8 34. Qxc8+ Qf8 35. Rc1 d3+ 36. Kxd3 Rxd2+ 37. Kxd2 h5 38. Qxf8+ Kxf8 39. Rc8#) 32... Ra2 33. Rc3 b4 $2 (33... h6 34. g6 fxg6) 34. Rb3 Rc8 (34... Ra3 {might work better.} 35. Ke2 Kh8) 35. Ke2 {f6 is the strong threat.} Rcc2 36. Rd3 b3 37. Rxd5 {White threatens Rd8+ and mate.} Rxd2+ 38. Rxd2 Rxd2+ 39. Kxd2 Qb2+ 40. Kd3 {Precision: White = 30%, Black = 31%.} 1-0

[Event "XVI Gran Hotel Bali 2017"]
[Site "Benidorm"]
[Date "2017.12.08"]
[Round "9"]
[White "Garcia Blanco, Omar"]
[Black "Olcum, Ahmet"]
[Result "0-1"]
[WhiteElo "2274"]
[BlackElo "2231"]
[Annotator "TA"]
[PlyCount "150"]
[EventDate "2017.??.??"]
[EventType "swiss"]
[EventCountry "ESP"]
[SourceTitle "playchess.com"]
[Source "ChessBase"]
[SourceQuality "1"]

{[%evp 13,150,27,36,31,32,32,34,35,62,20,18,17,31,14,14,3,18,0,0,0,0,0,5,0,0,0,0,0,0,2,14,-3,-3,-4,-3,-4,-3,-19,-9,-29,-6,-26,-18,-26,-16,-26,-16,-26,-26,-26,-28,-29,-22,-41,-31,-59,-53,-53,-47,-79,-54,-80,-47,-87,-54,-87,-85,-90,-90,-90,-75,-72,-73,-90,-90,-90,-90,-90,-90,-90,-90,-90,-90,-90,-90,-90,-90,-90,-90,-90,-90,-90,-68,-89,0,-90,-90,-90,-90,-90,-63,-83,-83,-86,-69,-75,-62,-75,-75,-152,-162,-162,-172,-12839,-12839,-5622,-1596,-12845,-12846,-12846,-12842,-12843,-12843,-12843,-12844,-12844,-12845,-12845,-12845,-12846,-12846,-12847,-12847,-12849,-12848,-12848,-12849,-12849,-12850]} 1. e4 d6 {[%cal Bd7d6,Bd6d5][%mdl 32]} 2. d4 Nf6 3. Bd3 e5 4. c3 d5 5. dxe5 Nxe4 6. Nf3 Nc6 7. Nbd2 {B07: Pirc Defence: Miscellaneous Systems} (7. O-O Bg4 8. Nbd2 Nc5 9. Be2 Qd7 10. h3 Bh5 11. Re1 Ne6 12. Nf1 O-O-O 13. Ng3 Bg6 14. Be3 Be7 15. Qa4 Kb8 16. Bb5 {½-½ (16) Rambaldi,F (2555)-Marin,M (2528) Porto Mannu 2017}) 7... Bg4 {LiveBook: 4 Games} 8. Nxe4 dxe4 9. Bxe4 {And now Qb3 would win.White is slightly better.} Qxd1+ 10. Kxd1 Nxe5 $146 ({Predecessor:} 10... O-O-O+ 11. Kc2 Bxf3 12. Bxf3 Nxe5 13. Be2 Bd6 14. Be3 Rhe8 {½-½ (35) Hindermann,F (2203)-Mira,H (2122) Scuol 2001}) 11. Kc2 Bxf3 12. gxf3 O-O-O $1 13. Rg1 g6 14. Bg5 Rd6 15. Be3 Bg7 16. Bd4 Bf6 17. Bc5 Rd7 18. Bd4 Rd6 19. Rad1 Rhd8 20. f4 Nc6 {[%cal Rf6d4]} 21. Be3 Ne7 22. Bc5 ({But not} 22. Bxa7 b6 $17) (22. Rxd6 {keeps more tension.} Rxd6 23. Rg3 h5 24. Rh3 h4 25. Bc5) 22... Rxd1 23. Rxd1 Rxd1 24. Kxd1 $11 {[%mdl 4096] Endgame KBB-KBN} b6 25. Ba3 Kd7 26. Ke2 Ke6 27. c4 Bd4 28. b3 Bc5 29. Bb2 Nf5 30. Bd5+ Ke7 31. Kf3 a5 32. Be4 Bd4 33. Bxf5 Bxb2 {KB-KB} 34. Bd3 Kd6 35. f5 Kc5 36. fxg6 hxg6 37. Ke2 Kb4 38. Kd2 Ka3 39. Kc2 Kxa2 40. Be4 Bd4 41. f3 Ka3 42. Bd5 f6 43. Bf7 g5 44. h3 Kb4 45. Bg8 Bg1 46. Bf7 Bh2 47. Bg8 c6 48. Bf7 Kc5 49. Kd3 b5 50. cxb5 cxb5 51. Bg8 Be5 52. Bf7 Ba1 53. Bg8 Be5 54. Bf7 $1 a4 55. bxa4 bxa4 56. Bg8 Ba1 57. Bf7 a3 58. Bg8 f5 59. Bh7 Kd6 60. Bg8 Ke5 61. Ke3 ({White should play} 61. Kc2) 61... Bd4+ 62. Kd3 {[#]} Kf4 $1 {[%cal Rf4f3]} 63. Ke2 $2 ({Don't blunder} 63. Kxd4 $2 Kxf3 64. Bc4 f4 $19) (63. Bd5) 63... Kg3 $19 {Black is clearly winning.} 64. Be6 Kg2 (64... Bc5 $142 65. Kd2 Kxf3) 65. f4 gxf4 {[%cal Bg5f4,Bf4f3][%mdl 32]} 66. Bd5+ Kg3 67. Be6 f3+ 68. Kf1 Be3 69. Bc4 Kxh3 70. Be6 Kg3 71. Bg8 Kf4 72. Ke1 Ke4 73. Kd1 Kd3 74. Ke1 Kc3 {[#] ( -> ...Kb2)} 75. Kf1 Kb2 {Precision: White = 36%, Black = 61%.} 0-1

[Event "XVI Gran Hotel Bali 2017"]
[Site "Benidorm"]
[Date "2017.12.08"]
[Round "9"]
[White "Moreno Ibanez, Miguel"]
[Black "Burguete Archel, Eduardo"]
[Result "1/2-1/2"]
[WhiteElo "2272"]
[BlackElo "2207"]
[Annotator "TA"]
[PlyCount "151"]
[EventDate "2017.??.??"]
[EventType "swiss"]
[EventCountry "ESP"]
[SourceTitle "playchess.com"]
[Source "ChessBase"]
[SourceQuality "1"]

{[%evp 9,151,-6,27,0,8,15,20,16,20,21,30,35,33,27,45,14,29,25,38,0,0,0,0,-14,-2,-10,-4,-13,-14,-8,-8,-14,-20,-14,-16,-23,0,-4,0,0,0,-4,0,-23,16,0,0,0,0,-18,-18,-19,-26,-19,-17,-37,-38,-31,-31,-45,-25,-106,-43,-86,-22,-149,-135,-140,-135,-262,-258,-256,-254,-252,-233,-225,-178,-202,-133,-160,-157,-170,-160,-185,-153,-143,-134,-158,-157,-162,-156,-158,-156,-177,-166,-195,-89,-93,-58,-119,-104,-175,-109,-173,-133,-298,-287,-253,-243,-243,-243,-243,-243,-243,-243,-243,-243,-788,-103,-243,-103,-106,-102,-102,-102,-102,-102,-102,-102,-102,-108,-109,-8,-8,0,-115,0,-8,-8,-8,-8,-8,-8,-8]} 1. e4 e5 2. Nc3 Nc6 3. f4 Bc5 4. Nf3 d6 5. Bb5 Nf6 {LiveBook: 10 Partien} 6. Qe2 {C30: Abgelehntes Königsgambit} (6. d3 O-O 7. Na4 Nd4 8. Nxd4 Bxd4 9. c3 a6 10. cxd4 axb5 11. Nc3 b4 12. Ne2 Bg4 13. dxe5 dxe5 {½-½ (23) Zelbel,P (2458)-Ortega,M (2443) Figueira da Foz 2017}) 6... O-O 7. Bxc6 $1 bxc6 8. fxe5 dxe5 9. d3 Nd7 $146 ({Vorgänger:} 9... Qd6 10. Be3 Rb8 11. Nd1 Bb4+ 12. Bd2 Bc5 13. Bc3 Re8 {½-½ (34) Siebarth,R (2179)-Abel,D (2294) Willingen 2007}) 10. Be3 Qe7 11. O-O Rb8 12. Na4 Bd6 13. b3 ({Vergiftet wäre} 13. Bxa7 $2 Ra8 $19) 13... a5 14. Nd2 Nb6 15. Nb2 a4 16. bxa4 Ra8 17. a5 Rxa5 18. a4 $1 Be6 19. Nb3 Ra6 20. a5 Nd7 $1 21. Nc4 Rfa8 22. Qf2 h6 23. Kh1 Nf6 24. Qf3 Nd7 25. Qg3 Kh7 26. Rf3 Nf6 (26... Bb4 {keeps more tension.} 27. Qf2 c5 28. Rd1 Kh8 29. Ra1 f6) 27. Qh4 (27. Qe1 {is more complex.}) 27... Nd5 28. Qxe7 Nxe7 29. Raf1 f6 30. Bd2 Nc8 31. h3 Kg6 32. g4 Na7 33. Rg3 Nb5 34. h4 Rh8 35. Be3 (35. Ra1 $11 {hält das Gleichgewicht.}) 35... Na3 (35... Bxc4 $1 $17 36. dxc4 Nc3 37. h5+ Kf7) 36. Nxa3 {[#]} Bxa3 (36... Bxb3 $1 $17 37. Bd2 Bxa3) 37. c4 (37. Ra1 $11 {bleibt in der Remisbreite.} Bxb3 38. Rxa3 Bxc2 39. Rg2) 37... Rb8 $17 38. Nd2 Rxa5 39. g5 (39. Nf3 $17 {war nötig.}) 39... hxg5 $19 40. hxg5 f5 41. exf5+ Bxf5 42. Bf2 Rh8+ 43. Kg2 Rh5 44. Nb3 Ra8 45. Ra1 Rhh8 46. Re3 Bd6 47. Rxa8 Rxa8 48. c5 Be7 49. Rxe5 Bxg5 50. Nd4 Bxd3 {zielt auf ...Ta4 ab.} 51. Ne6 Bd2 52. Nxc7 Rc8 (52... Ra4 $19 {Weiss muss nun ...Le4+ beachten.} 53. Ne8 Be4+ 54. Kf1 Bc3) 53. Ne8 Bf4 54. Re1 (54. Re7 $15) 54... Bc4 $17 55. Bg3 (55. Re7 $17) 55... Bd5+ ({Besser ist} 55... Bg5 $19 56. Nc7 Rb8) 56. Kh2 (56. Kh3 $17 {war angesagt.} Bg5 57. Re5) 56... Bg5 57. Nd6 $2 (57. Kh3 $17 {war einen Versuch wert.}) 57... Rh8+ $19 58. Kg1 Rh1+ 59. Kf2 Rxe1 60. Kxe1 {[%mdl 4096] Endspiel KLL-KLS} Be3 61. Bf2 Bxf2+ 62. Kxf2 {KL-KS} Kf6 63. Ne8+ $2 (63. Kg3) 63... Kf7 $2 (63... Ke5 $19 {ist viel giftiger.} 64. Kg3 Be6) 64. Nd6+ {[#]} (64. Nc7 $17 {ist der einzige Weg für Weiss..}) 64... Ke6 (64... Kg6 $1 $19 {und Schwarz behält klar die Oberhand.} 65. Kg3 Kg5) 65. Kg3 $17 Ke5 66. Kg4 Be4 67. Kg5 Kd5 68. Kf4 Bg6 ({Doch nicht} 68... Kxc5 $6 69. Nxe4+ Kd5 70. Ng5 $11) 69. Nb7 Bd3 70. Kg5 Ba6 (70... Bb1 $17 {Und weiter mit ...Ld3 wäre nett.} 71. Kg4 Bd3) 71. Nd8 Bd3 (71... Kxc5 $11 72. Kg6 Kd6 73. Nxc6 Kxc6) 72. Nb7 $1 Ba6 ({Günstiger ist} 72... Bc2 $17 {Droht ...Ld3 und aus.} 73. Kf4 Bd3 74. Kg5) 73. Nd8 $11 {Die Stellung ist ausgeglichen.} Kxc5 {...Ld3 ist eine echte Drohung.} 74. Kg6 (74. Nxc6 $5 Bd3 75. Ne7 $11) 74... Kd6 {[#]} 75. Nxc6 $1 {[%mdl 512]} Kxc6 76. Kxg7 {Precision: Weiß = 44%, Schwarz = 51%.} 1/2-1/2

[Event "XVI Gran Hotel Bali 2017"]
[Site "Benidorm"]
[Date "2017.12.08"]
[Round "9"]
[White "Lornye, Pylyp"]
[Black "Olhovik, Andrei"]
[Result "1/2-1/2"]
[WhiteElo "2264"]
[BlackElo "2299"]
[Annotator "TA"]
[PlyCount "22"]
[EventDate "2017.??.??"]
[EventType "swiss"]
[EventCountry "ESP"]
[SourceTitle "playchess.com"]
[Source "ChessBase"]
[SourceQuality "1"]

{[%evp 10,22,17,-5,0,-16,-16,-19,-22,-23,0,-47,-35,-64,637]} 1. Nf3 {[%cal Bg1f3,Bf3d2,Bd2e4][%mdl 32]} Nf6 2. g3 b6 3. Bg2 Bb7 4. O-O e6 5. d3 d5 6. Nfd2 c5 {A05: Réti Opening: 1 Nf3 Nf6} (6... Be7 7. e4 dxe4 8. Nc3 O-O 9. a4 Qc8 10. dxe4 Nc6 11. f4 e5 12. h3 Rd8 13. Kh2 Bc5 14. Nd5 Nxd5 15. exd5 {1-0 (41) Petrosian,T (2623)-Severina,M (2276) Abu Dhabi 2015}) 7. Nc3 Nc6 8. e4 Be7 $146 ({Predecessor:} 8... Qd7 9. f4 dxe4 10. Ndxe4 Be7 11. Kh1 h5 12. Nxf6+ Bxf6 13. Ne4 {0-1 (20) Ilic,S (2115)-Jovanovic,Z (2343) Belgrade 2008}) 9. f4 dxe4 10. Ndxe4 O-O 11. f5 Nb8 $2 {[%mdl 40960] An unexpected result.} (11... Qd4+ $15 12. Kh1 Nxe4 13. Bxe4 exf5 14. Rxf5 Qd7) 1/2-1/2

[Event "XVI Gran Hotel Bali 2017"]
[Site "Benidorm"]
[Date "2017.12.08"]
[Round "9"]
[White "Exposito Amaro, Josue"]
[Black "Serna Lara, Sergio"]
[Result "0-1"]
[WhiteElo "2263"]
[BlackElo "2224"]
[Annotator "TA"]
[PlyCount "128"]
[EventDate "2017.??.??"]
[EventType "swiss"]
[EventCountry "ESP"]
[SourceTitle "playchess.com"]
[Source "ChessBase"]
[SourceQuality "1"]

{[%evp 9,128,0,3,0,0,0,0,0,0,0,0,-3,5,-2,-7,-8,0,0,0,0,0,-15,-10,-9,-8,-13,-7,-20,-25,-30,-21,-22,-19,-25,-12,-9,-9,-12,-11,-35,0,-8,0,-29,-21,-26,-16,-28,0,-21,-20,-19,0,0,0,0,0,0,0,0,0,0,0,0,-2,-107,-4,-86,-85,-87,-87,-231,-112,-236,-193,-191,-47,-22,-12,-78,-12,-12,0,-121,-115,-115,-108,-104,-95,-214,-95,-95,-95,-109,-102,-1208,-1093,-1660,-416,-406,0,-1290,-563,-4134,-4133,-1523,-1372,-29986,-29987,-29987,-230,-29988,0,-29982,-29983,-29981,-29977,-29979,-743,-29991,-29989]} 1. e4 e6 2. Nc3 d5 3. Nf3 d4 4. Ne2 c5 5. c3 Nf6 6. e5 {C00: French: Unusual White 2nd moves} (6. cxd4 cxd4 7. Nexd4 Nxe4 8. Nxe6 Bxe6 9. Qa4+ Nc6 10. Qxe4 Bc5 11. Bc4 O-O 12. O-O Bxc4 13. Qxc4 Qb6 14. d3 Nd4 15. Nxd4 Bxd4 16. Be3 Bxe3 17. fxe3 Qxe3+ 18. Kh1 Rac8 {½-½ (18) Danin,A (2569)-Kovacevic,B (2480) Padova 2015}) 6... Nfd7 7. cxd4 cxd4 8. Nexd4 {The position is equal.} Nxe5 9. Bb5+ Nec6 10. O-O Be7 11. Nxc6 Nxc6 12. Ne5 Bd7 13. Bxc6 Bxc6 14. Nxc6 bxc6 15. d4 $146 O-O 16. Be3 Qd5 17. Qc2 Rfc8 18. a3 a5 19. Rfd1 Rab8 20. Rac1 h6 21. Rd3 Qa2 22. Rd2 Rb5 23. h3 Qd5 24. Rd3 Qa2 25. Rd2 Qd5 26. Qd3 Rcb8 27. Rcc2 R8b6 28. Qf1 Rb8 29. Qd1 Rb3 30. Bf4 Bd6 31. Bxd6 Qxd6 32. Qc1 R8b6 33. Rc5 R3b5 34. Qc3 Qb8 {[%cal Rb5b2]} 35. g3 Rxb2 36. Rxb2 Rxb2 37. Rxc6 $11 {[%mdl 4096] Endgame KQR-KQR} (37. Rxa5 $11 Ra2 38. Qd3) 37... Rb1+ (37... Qb5 $17 {Strongly threatening ...Rb1+.} 38. Qf3 Rb1+ 39. Kh2 Qf1) 38. Kg2 (38. Kh2 $11 {keeps the balance.} Qb3 39. Qxb3 Rxb3 40. a4) 38... Qb3 $1 $17 39. Rc8+ Kh7 40. Qd2 (40. Qxb3 $17 {was necessary.} Rxb3 41. Rc7) 40... Qb7+ ({Don't do} 40... Rb2 41. Qc3 $17) (40... Qd5+ $19 {has better winning chances.} 41. f3 Qb5) 41. f3 (41. d5 $17 {is the only way for White.}) 41... g6 ({But not} 41... Qxc8 42. Qd3+ g6 43. Qxb1 $17) 42. Rc2 Rb3 (42... Qb5 $19 {( -> ...Qf1+)} 43. Qf2 Qd3) 43. Qf4 $1 $15 Rb2 $40 {[%mdl 128] Black attacks.} 44. Qd2 (44. Qc1 $11 Rb3 45. Qf4) 44... Rxc2 (44... Rb5 $1 $17) 45. Qxc2 $17 {KQ-KQ} Qd5 46. Kf2 (46. Qc7 $11) 46... Qxd4+ 47. Kg2 a4 48. h4 h5 49. Kh2 {[#]} (49. f4 $17) 49... Kg7 (49... e5 $1 $19 {and Black stays clearly on top. And now ...Qe3 would win.} 50. Kg2 Qe3) 50. Kg2 e5 51. Kh2 Qb6 52. Qxa4 $2 {[%mdl 8192]} (52. Kg2 $17) 52... Qf2+ $19 53. Kh3 Qf1+ (53... Qxf3 $142 {[%cal Rf3h1]} 54. Kh2 Qf2+ 55. Kh3 Qf3) 54. Kh2 Qf2+ (54... Qe2+ $142 55. Kh3 Qxf3) 55. Kh3 Qxf3 {[%cal Rf3h1]} 56. Kh2 {[#]} e4 $1 {[%cal Be5e4,Be4e3][%mdl 32]} 57. Qd4+ Kh7 58. Qd5 Qf2+ 59. Kh3 Qf1+ 60. Kh2 Qf2+ 61. Kh3 e3 62. Qg2 Qd2 63. Qf3 Kg7 (63... Kg8 $142 64. Qf4 Qd1 65. Kg2 Qc2+ 66. Kh3 e2 67. Qe5 Qd1 68. Kg2 Qf1+ 69. Kh2 e1=Q 70. Qxe1 Qxe1 71. a4 Kg7 72. a5 Qxa5 73. Kh3 Qd2 74. g4 hxg4+ 75. Kg3 f5 76. h5 gxh5 77. Kh4 Qe3 78. Kxh5 Qh6#) 64. g4 hxg4+ {Precision: White = 38%, Black = 50%.} 0-1

[Event "XVI Gran Hotel Bali 2017"]
[Site "Benidorm"]
[Date "2017.12.08"]
[Round "9"]
[White "Gromovs, Sergejs"]
[Black "Yuksel, Atilla Koksal"]
[Result "0-1"]
[WhiteElo "2257"]
[BlackElo "2184"]
[Annotator "TA"]
[PlyCount "102"]
[EventDate "2017.??.??"]
[EventType "swiss"]
[EventCountry "ESP"]
[SourceTitle "playchess.com"]
[Source "ChessBase"]
[SourceQuality "1"]

{[%evp 16,102,36,18,33,7,87,0,6,0,4,4,21,15,15,17,25,16,29,12,18,-4,0,7,22,0,33,0,6,-16,-7,-42,-6,-7,-7,-12,-34,-26,0,0,0,-76,-72,-141,-145,-151,-154,-269,-278,-274,-274,-274,-274,-444,-92,-99,-93,-97,-89,-91,-100,-300,-285,-309,-281,-322,-305,-454,-448,-454,-388,-587,-587,-587,-586,-914,-894,-883,-860,-825,-808,-1849,-1327,-29939,-6211,-29978,-29973,-6207,-5236]} 1. d4 e6 2. c4 b6 3. Nf3 Bb7 4. a3 f5 5. Nc3 Nf6 6. g3 g6 7. Bg2 Bg7 8. O-O O-O 9. b4 {LiveBook: 3 Games. A40: Unusual replies to 1 d4} (9. d5 a5 10. Rb1 Qe7 11. Bf4 Na6 12. d6 Qd8 13. dxc7 Nxc7 14. Bd6 Re8 15. Ne5 Bxg2 16. Kxg2 Qc8 17. Qd3 {0-1 (68) Bareev,E (2653)-Bacrot,E (2695) Ajaccio 2007}) 9... d6 $146 ({Predecessor:} 9... Ne4 10. Bb2 Nxc3 11. Bxc3 Be4 12. Qb3 Qe7 13. Rad1 d6 14. Rfe1 Nd7 15. Bf1 f4 16. Nd2 Bb7 {½-½ (27) Gruenenwald,J (2318)-Hindermann,F (2337) Switzerland 2012}) 10. Bb2 Nbd7 (10... Ne4 $11 {remains equal.}) 11. Re1 (11. Ng5 $16 Bxg2 12. Nxe6 (12. Kxg2 Re8 $11)) 11... Ne4 $11 12. Rc1 Ndf6 13. e3 Nxc3 14. Bxc3 Ne4 15. Ba1 a5 16. b5 Rb8 17. Re2 Qe7 18. Rec2 Rbd8 19. Qe2 Ba8 {[%cal Bb7a8,Ba8d5,Bd5e6][%mdl 32]} 20. a4 Rfe8 21. Ne1 e5 22. f3 Ng5 23. dxe5 dxe5 24. c5 Bd5 25. e4 fxe4 26. fxe4 Be6 (26... Bb3 $5 {[%cal Rb3c2]} 27. Rc3 Bf7 $11) 27. h4 {Strongly threatening cxb6.} Nf7 $1 28. cxb6 (28. Nf3 $11 {keeps the balance.}) 28... cxb6 $17 29. Rc6 (29. Nf3 $142) 29... Bh6 30. Rd1 Qa3 {Hoping for ...Rxd1.} 31. Nf3 (31. Bc3 $17) 31... Qe3+ $19 (31... Qxa4 32. Rb1 $17) 32. Kf1 Rxd1+ 33. Qxd1 Bb3 ({Don't take} 33... Qxe4 34. Ng5 $19) 34. Qb1 $2 {[#]} (34. Qe2 {was worth a try.} Bxa4 35. Rc7) 34... Rd8 $2 (34... Nd6 $1 $19 {[%mdl 512]} 35. Qe1 (35. Rxd6 Bc4+) 35... Bc4+ 36. Rxc4 Nxc4) 35. Rc3 $17 Rd1+ $40 {[%mdl 128] White is in trouble.} 36. Qxd1 Bxd1 37. Rxe3 Bxe3 38. Nxe5 $2 (38. Ke1 $17 Bxa4 39. Bf1) 38... Nxe5 $19 ({Less strong is} 38... Bxa4 39. Ng4 $17 (39. Ke2 Bg1 $17)) 39. Bxe5 Bxa4 $17 {[%mdl 4096] Endgame KBB-KBB} 40. Ke2 Bc5 41. g4 (41. Kd3 $142 Bxb5+ 42. Kc3) 41... Bxb5+ $19 42. Kd2 Bc4 43. Bc3 (43. h5 {was called for.}) 43... a4 {[%cal Ba5a4,Ba4a3,Ba3a2][%mdl 32]} 44. e5 b5 {[%cal Bb6b5,Bb5b4][%mdl 32]} 45. h5 b4 46. Ba1 a3 47. Be4 Kf7 48. g5 b3 49. Bc3 a2 50. Bb2 Bb4+ 51. Ke3 {[#]} Ba3 $1 {[%mdl 512] Precision: White = 22%, Black = 55%.} 0-1

[Event "XVI Gran Hotel Bali 2017"]
[Site "Benidorm"]
[Date "2017.12.08"]
[Round "9"]
[White "Rodriguez Alvarez, Vidal"]
[Black "Cantero Navarro, Antonio"]
[Result "1/2-1/2"]
[WhiteElo "2256"]
[BlackElo "2167"]
[Annotator "TA"]
[PlyCount "47"]
[EventDate "2017.??.??"]
[EventType "swiss"]
[EventCountry "ESP"]
[SourceTitle "playchess.com"]
[Source "ChessBase"]
[SourceQuality "1"]

{[%evp 18,47,-62,-73,0,-57,-49,-58,-50,-111,-113,-132,-92,-72,-96,-77,-87,-94,-99,-135,-99,-104,-61,-98,-44,-49,-43,-57,0,-16,0,-46]} 1. Nf3 d5 2. c4 c6 3. e3 Nf6 4. Nc3 e6 {[%cal Be7e6,Be6e5,Be5e4][%mdl 32]} 5. b3 Nbd7 6. Qc2 Bd6 7. Bb2 O-O 8. Be2 Re8 9. Rg1 {A11: English Opening: 1...c6} (9. O-O e5 10. cxd5 Nxd5 11. Ne4 Bc7 12. Ng3 Nf8 13. a3 a5 14. d4 Ng6 15. Bd3 exd4 16. Nxd4 Bg4 17. Bf5 Nf6 18. f3 Bh5 {½-½ (34) Grischuk,A (2773)-Kramnik,V (2784) Wijk aan Zee 2011}) 9... e5 10. g4 {LiveBook: 4 Games} dxc4 (10... e4 $17 11. Nd4 dxc4) 11. bxc4 (11. Bxc4 $11 e4 12. Ng5) 11... e4 $146 ({Predecessor:} 11... Nc5 12. g5 Nfd7 13. d4 exd4 14. Nxd4 Nf8 15. O-O-O Qe7 16. h4 Na6 {1-0 (27) Yilmaz,M (2479)-Kanmazalp,O (2381) Chotowa 2010}) 12. Nd4 {g5 is the strong threat.} Nc5 ({Reject} 12... Bxh2 $6 13. Rg2 $16) 13. g5 (13. O-O-O $1 $15) 13... Nfd7 $17 14. f4 {[#]} Nd3+ $1 {[%mdl 512]} 15. Bxd3 exd3 16. Qxd3 Nc5 17. Qc2 Bxf4 $1 18. Nce2 Be5 19. O-O-O {[%cal Be1c1,Bc1b1,Bb1a2][%mdl 32]} a5 20. h4 Na6 (20... Qd6 $17) 21. a3 $1 $15 Nc5 22. Kb1 Qb6 ({Black should try} 22... g6 $15) 23. Ka2 a4 24. Rb1 {Precision: White = 51%, Black = 26%.} 1/2-1/2

[Event "XVI Gran Hotel Bali 2017"]
[Site "Benidorm"]
[Date "2017.12.08"]
[Round "9"]
[White "Saber, Yasser"]
[Black "Gonzalez Martinez, Miguel Angel"]
[Result "1-0"]
[WhiteElo "2248"]
[BlackElo "2082"]
[Annotator "TA"]
[PlyCount "61"]
[EventDate "2017.??.??"]
[EventType "swiss"]
[EventCountry "ESP"]
[SourceTitle "playchess.com"]
[Source "ChessBase"]
[SourceQuality "1"]

{[%evp 14,61,-6,-15,1,-18,0,14,49,53,61,60,60,49,85,72,73,71,85,97,91,86,88,89,111,88,91,84,96,80,118,83,119,113,119,114,131,128,160,163,336,329,341,335,499,481,502,491,655,624]} 1. d3 g6 2. g3 Bg7 3. Bg2 e5 4. Nf3 Nc6 (4... Ne7 5. O-O O-O 6. e4 d6 7. c3 a5 8. a4 Na6 9. Re1 Bg4 10. h3 Bd7 11. d4 exd4 12. cxd4 Nb4 13. Nc3 d5 14. e5 Bf5 {½-½ (86) Vajda,L (2588)-Yu,Y (2743) Antalya 2017}) 5. e4 Nge7 6. O-O {A04: Unusual lines after 1 Nf3 and King's Indian Attack} O-O 7. c3 d5 8. Qc2 {LiveBook: 4 Games. The position is equal.} Bg4 9. h3 $146 ({Predecessor:} 9. exd5 Qxd5 10. Nbd2 Rad8 11. d4 exd4 12. Nxd4 Nxd4 13. cxd4 Qxd4 {½-½ (35) Boothman,W (1540)-Manis,R (1508) IECC email 2008}) 9... Bxf3 10. Bxf3 dxe4 11. dxe4 Qd7 12. Kg2 Rad8 13. Na3 h5 14. Be3 Qe6 15. Be2 (15. Qb3 {looks sharper.} Qc8 16. Rad1 b6 17. Nc4 Qe6 18. Be2) 15... Nc8 16. Qb3 Qxb3 17. axb3 a6 18. Nc4 Rfe8 19. Rad1 Bf8 20. b4 Be7 21. f3 f6 22. Bg1 Nb8 23. f4 Rxd1 24. Bxd1 exf4 25. gxf4 b5 26. Ne3 c5 $2 {[#]} (26... Nb6 27. f5 g5) 27. bxc5 $18 Bxc5 28. Nd5 $1 {[%csl LRc5,LRf6]} Bxg1 (28... Be7 {was worth a try.} 29. f5 gxf5 30. Rxf5 Nd6 31. Bxh5 Nxf5) 29. Nxf6+ {White is clearly winning.} ({Not} 29. Rxg1 Kf7 $16) ({Less strong is} 29. Kxg1 Kg7 $16) 29... Kf7 30. Nxe8 Bb6 31. f5 {Precision: White = 70%, Black = 29%.} 1-0